000 00377cam a2200169ua 4500
020 _cRs/3.oo
041 _aeng
_h
082 _a370.15
_bPAU/ED
100 _aT. Paul , Varhese .
245 _aeducational physiology
260 _aTrichur :
_bCurrent books ,
_c1962.
300 _a ; .
365 _aRs/3.oo
504 _a
942 _cBK
999 _c11204
_d11204